Представление документа в формате RUSMARC

ПолеНазваниеЗначение
  Тип записи a
  Библиографический уровень m
001 Контрольный номер RU/УОНБ/EK/508436330
005 Дата корректировки 20241101133203.3
010 Индекс ISBN __
a ISBN 978-5-91674-353-1
d Цена 180 р.
9 Тираж 800 экз.
b Уточнения в пер.
100 Данные общей обработки __
a Данные общей обработки 20160210d2015 u y0rusy0189||||ca
101 Язык документа 0_
a Язык текста rus
102 Страна публикации __
a Страна публикации RU
105 Кодированные данные (монография) __
a Кодированные данные (монография) c z 001yb
200 Заглавие и сведения об ответственности 1_
a Заглавие Е.К. Ромодановская. Избранное. Отклики
210 Выходные данные __
d Дата издания 2015
215 Физическое описание __
a Объем 870 с.
c Иллюстрации/тип воспроизводства ил., портр.
320 Библиография __
a Библиография Библиогр. в примеч.
461 Уровень набора _0
1 001RU/УОНБ/EK/508433252
1 2001
a Круги времен
e в память Елены Константиновны Ромодановской
v Т. 1
1 2101
a М.
c Индрик
d 2015 -
600 Персоналии __
a Персоналии (Фамилия) Ромодановская, Елена Константиновна
606 Тематические рубрики 0_
a Основная рубрика Русская литература
z Хронологическая подрубрика 20 в.
610 Ключевые слова 0_
a Ключевые слова Ромодановская Е.К.
610 Ключевые слова 0_
a Ключевые слова литература русская 20 в.
686 Индексы других классификаций __
a Классификационный индекс 83.3(2=Рус)6-8
2 Код системы rubbk
801 Источник записи _0
a Страна RU
b Организация Ульяновская ОНБ
c Дата составления 20160210
g Правила каталогизации RCR
801 Источник записи _1
a Страна RU
b Организация Ульяновская ОНБ
c Дата составления 20160210
g Правила каталогизации RCR
901 Тип документа __
t Тип документа n
w Контрольный № источника RU/УОНБ/EK/508433252
909 Создатель записи __
a Создатель записи Мейснер
b Дата создания записи 20160408
938 Служебная информация __
a Имя БД books
b Имя библиотеки УОНБ
c Имя АИБС МАРК-SQL
d Номер DOC_ID в БД 321907